| 000 | 00357nam a22001217a 4500 | ||
|---|---|---|---|
| 999 |
_c9557 _d9557 |
||
| 003 | OSt | ||
| 008 | 201203b ||||| |||| 00| 0 eng d | ||
| 245 | _aBulletin of Materials Science | ||
| 250 | _a2010(Feb Vol.33 No.1, Apr Vol.33 No.2, Jun Vol.33 No.3, Aug Vol.33 No.4) | ||
| 260 |
_aBengaluru _bSpringer |
||
| 650 | _aMechanical Engineering | ||
| 942 |
_2ddc _cBV |
||